| 000 | 01789aam a2200409 i 4500 | ||
|---|---|---|---|
| 001 | 768714001 | ||
| 003 | CO-MdFUSB | ||
| 005 | 20250519114109.0 | ||
| 007 | ta | ||
| 008 | 240801t1994 ck |||| |||| 00| 0 spa d | ||
| 020 | _a84-7658-446-6 | ||
| 040 | _cCO-MdFUSB | ||
| 041 | 0 | _aspa | |
| 082 | 0 | 4 |
_a980.01 _223 _bF363 |
| 100 | 1 |
_aFernández Herrero, Beatriz _eautor |
|
| 245 | 3 |
_aLa utopía de la aventura latinoamericana _c/ Beatriz Fernández Herrero |
|
| 250 | _asegunda edición | ||
| 264 | 1 |
_bAnthropos, _aSantafé de Bogotá, Colombia : _c[1994] |
|
| 264 | 4 | _c©1994 | |
| 300 |
_a255 páginas _c; 18 cm |
||
| 336 |
_2rdacontent _atexto _btxt |
||
| 337 |
_2rdamedia _asin mediación _bn |
||
| 338 |
_2rdacarrier _avolumen _bnc |
||
| 490 | _aBiblioteca A, | ||
| 505 | 0 |
_gParte I: _tAmérica como utopía, encuadre histórico de la aventura americana: _aMóviles y factores que posibilitaron el descubrimiento. -- Idea de América. _gParte II: _tLa colonización de América desde el derecho: marco legal y jurídico: _aLa colonización de América desde el derecho internacional. -- La colonización de América desde el derecho administrativo. -- La colonización de América desde el derecho civil. -- Regulaciones entre el poder civil y el poder religioso: El patronato. |
|
| 563 | _aRústico | ||
| 651 | 7 |
_aAmérica Latina _xHistoria |
|
| 653 | _aUtopía — América Latina | ||
| 653 | _aDescubrimiento de América | ||
| 653 | _aColonización — América Latina — Aspectos legales | ||
| 653 | _aDerecho internacional — América Latina | ||
| 653 | _aDerecho civil — América Latina | ||
| 653 | _aDerecho administrativo — América Latina | ||
| 653 | _aRelaciones Iglesia y Estado — América Latina — Historia | ||
| 942 | _cBK | ||
| 945 | _aJTF-925 | ||
| 999 |
_c44243 _d44243 |
||